[Event "Preferente Aragonesa 2024 - Grupo I"]
[Site "?"]
[Date "2024.03.23"]
[Round "9.43"]
[White "De La Riva Fernandez, Eduardo"]
[Black "Castillo Pla, Emilio"]
[Result "1-0"]
[WhiteElo "1743"]
[BlackElo "1701"]
[PlyCount "95"]
[GameId "2166508142256790"]
[EventDate "2024.01.27"]
[WhiteTeam "El Olivar C"]
[BlackTeam "Jaque - Aramovil B"]

1. e4 c5 2. Nf3 Nc6 3. d4 cxd4 4. Nxd4 Nf6 5. Nc3 d6 6. Be2 e5 7. Nb3 Be7 8. Be3 O-O 9. Qd2 a5 10. Rd1 a4 11. Nc1 a3 12. b3 Nb4 13. f3 Be6 14. Nd3 Nxd3+ 15. Qxd3 Rc8 16. Nd5 Bxd5 17. exd5 Qa5+ 18. Bd2 Qxd5 19. Qxd5 Nxd5 20. c4 Nc7 21. Bb4 Rfd8 22. Rd2 Ne6 23. Bxa3 Ra8 24. Bb4 Nd4 25. Kf2 Bg5 26. Rb2 f5 27. Bc3 Re8 28. Re1 g6 29. g3 Bf6 30. Bxd4 exd4 31. Bd3 Re3 32. Rd2 Rae8 33. Rdd1 h5 34. Bf1 h4 35. Rxe3 Rxe3 36. Rd3 hxg3+ 37. hxg3 Re8 38. f4 g5 39. Bg2 Re7 40. Bd5+ Kg7 41. a4 b6 42. Kf1 gxf4 43. gxf4 Re3 44. Rxe3 dxe3 45. Ke2 Bd4 46. b4 Bc3 47. c5 Bxb4 48. c6 1-0

[Event "Preferente Aragonesa 2024 - Grupo I"]
[Site "?"]
[Date "2024.03.23"]
[Round "9.44"]
[White "Lamelas Andreu, Jose Carlos"]
[Black "Marco Garcia, Francho"]
[Result "1/2-1/2"]
[WhiteElo "1611"]
[BlackElo "1631"]
[PlyCount "154"]
[GameId "2166508142289559"]
[EventDate "2024.01.27"]
[WhiteTeam "Jaque - Aramovil B"]
[BlackTeam "El Olivar C"]

1. f4 d5 2. Nf3 c5 3. e3 Nc6 4. Bb5 a6 5. Bxc6+ bxc6 6. Ne5 Qd6 7. O-O Nf6 8. b3 g6 9. Ba3 d4 10. Nc4 Qc7 11. Bxc5 Bg4 12. Qe1 dxe3 13. Nxe3 Bg7 14. Bd4 Qd7 15. Be5 O-O 16. Na3 Rad8 17. Nac4 Be6 18. Kh1 Bd5 19. Rd1 e6 20. Qh4 Bxc4 21. Nxc4 Ne4 22. Bxg7 Kxg7 23. Qe1 Qd5 24. d3 Nf6 25. Rf3 Ng4 26. Qh4 h5 27. h3 Rh8 28. Qe1 Qc5 29. Qc3+ Kg8 30. d4 Qd5 31. Kg1 Nf6 32. Ne5 Rc8 33. Qd3 Qa5 34. a4 Kg7 35. Nc4 Qc7 36. Ne5 Nd5 37. c4 Nf6 38. Rg3 Rh6 39. Rf1 Kf8 40. Rd1 Rd8 41. Qc2 h4 42. Rc3 Qd6 43. b4 Nh5 44. Rf3 Ng3 45. d5 cxd5 46. c5 Qc7 47. b5 axb5 48. axb5 Rb8 49. Rb3 Ne4 50. Kh2 Ke8 51. c6 Nd6 52. Rdb1 Nc8 53. Qf2 Nb6 54. Qd4 Rh5 55. Ng4 Rf5 56. Rf3 g5 57. Rbf1 Nc4 58. Nf6+ Ke7 59. Nh7 Rxb5 60. Qh8 Rb8 61. Qd4 Rb5 62. Kh1 gxf4 63. Qg7 Rb8 64. Qh6 Nd2 65. Qxh4+ Kd6 66. Rxf4 Nxf1 67. Rxf5 exf5 68. Qf6+ Kc5 69. Qc3+ Kb6 70. Nf6 Qxc6 71. Qd4+ Ka6 72. Qd3+ Ka7 73. Qa3+ Kb7 74. Qe7+ Qc7 75. Qb4+ Kc8 76. Qf8+ Kb7 77. Qb4+ Kc8 1/2-1/2

[Event "Preferente Aragonesa 2024 - Grupo I"]
[Site "?"]
[Date "2024.03.23"]
[Round "9.45"]
[White "Martin Moreno, Luis"]
[Black "Felez Casedas, Carlos"]
[Result "1/2-1/2"]
[WhiteElo "2314"]
[BlackElo "1963"]
[PlyCount "90"]
[GameId "2166508142387864"]
[EventDate "2024.01.27"]
[WhiteTeam "Agrupacion A"]
[BlackTeam "L'Aurora Estadilla"]

1. e4 e5 2. Nf3 Nf6 3. Nxe5 d6 4. Nf3 Nxe4 5. Nc3 Nf6 6. d4 Be7 7. Be3 Bf5 8. Bd3 Qd7 9. d5 O-O 10. Nd4 Bg6 11. O-O Na6 12. Bb5 Qc8 13. Re1 Nc5 14. Bf4 Bd8 15. f3 a6 16. Bf1 Qd7 17. Qd2 Na4 18. Nxa4 Qxa4 19. c4 h6 20. Bd3 Bxd3 21. Qxd3 Nh5 22. Bd2 Bf6 23. g4 Bh4 24. Re2 Nf6 25. Nf5 Bg5 26. f4 Nxg4 27. fxg5 Ne5 28. Rxe5 dxe5 29. gxh6 g6 30. Bc3 Rae8 31. Ne3 Qd7 32. Qf1 f5 33. Qg2 Kh7 34. Rf1 Qe7 35. Kh1 Rf7 36. b4 Kxh6 37. c5 Qg5 38. Qxg5+ Kxg5 39. Nc4 e4 40. d6 f4 41. dxc7 Rxc7 42. Nd6 Re6 43. Rg1+ Kh5 44. Re1 Rxd6 45. cxd6 Rxc3 1/2-1/2

[Event "Preferente Aragonesa 2024 - Grupo I"]
[Site "?"]
[Date "2024.03.23"]
[Round "9.46"]
[White "Pellicer Cemeli, Jose Luis"]
[Black "Remiro Juste, Fernando Jose"]
[Result "0-1"]
[WhiteElo "1952"]
[BlackElo "2221"]
[PlyCount "62"]
[GameId "2166508142424729"]
[EventDate "2024.01.27"]
[WhiteTeam "L'Aurora Estadilla"]
[BlackTeam "Agrupacion A"]

1. c4 g6 2. g3 Bg7 3. Bg2 c5 4. Nc3 Nc6 5. e4 d6 6. Nge2 h5 7. h4 Bg4 8. f3 Bd7 9. d3 Nf6 10. Be3 O-O 11. Qd2 Ne5 12. Nf4 e6 13. O-O a6 14. Rad1 b5 15. b3 Qa5 16. Ncd5 Qxd2 17. Nxf6+ Bxf6 18. Rxd2 Rfc8 19. Nh3 a5 20. Bg5 Bg7 21. f4 Ng4 22. f5 Bd4+ 23. Kh1 gxf5 24. exf5 e5 25. Bxa8 Rxa8 26. Re2 Bc6+ 27. Re4 bxc4 28. bxc4 Rb8 29. Rd1 f6 30. Bc1 Rb1 31. Kg2 Bxe4+ 0-1

[Event "Preferente Aragonesa 2024 - Grupo I"]
[Site "?"]
[Date "2024.03.23"]
[Round "9.47"]
[White "Barros Gutierrez, Angel Luis"]
[Black "Fuentes Espuna, Juan Antonio"]
[Result "0-1"]
[WhiteElo "1991"]
[BlackElo "1914"]
[PlyCount "96"]
[GameId "2166508142465690"]
[EventDate "2024.01.27"]
[WhiteTeam "Agrupacion A"]
[BlackTeam "L'Aurora Estadilla"]

1. d4 Nf6 2. c4 g6 3. Nc3 Bg7 4. e4 d6 5. h3 O-O 6. Be3 e5 7. d5 Nbd7 8. Bd3 Nc5 9. Bc2 a5 10. Nge2 Ne8 11. g4 Bd7 12. Qd2 c6 13. Ng3 Na6 14. Rd1 c5 15. Ba4 Bxa4 16. Nxa4 Nac7 17. Nc3 a4 18. Qc2 Qd7 19. O-O Nf6 20. Kh2 Ra6 21. Rb1 b5 22. b4 axb3 23. axb3 bxc4 24. bxc4 Rfa8 25. Rb7 Qc8 26. Rfb1 Nd7 27. Qc1 R6a7 28. Qb2 Bf8 29. Nf1 Na6 30. Rxa7 Rxa7 31. Nb5 Ra8 32. Bd2 Qd8 33. Qc1 Nc7 34. Ra1 Nxb5 35. cxb5 Rb8 36. Rb1 Be7 37. Kg2 Nf6 38. f3 Qd7 39. b6 h5 40. Qd1 hxg4 41. hxg4 Bd8 42. Bg5 Be7 43. Ne3 Nh5 44. gxh5 Bxg5 45. Qg1 Bf4 46. Kf2 g5 47. Nc4 Qa4 48. Qf1 Qc2+ 0-1

[Event "Preferente Aragonesa 2024 - Grupo I"]
[Site "?"]
[Date "2024.03.23"]
[Round "9.48"]
[White "Luis Vitalla, Fernando"]
[Black "Malo Guillen, Jose Luis"]
[Result "1/2-1/2"]
[WhiteElo "2097"]
[BlackElo "2070"]
[PlyCount "74"]
[GameId "2166508142498459"]
[EventDate "2024.01.27"]
[WhiteTeam "Atletismo Huesca"]
[BlackTeam "Las Fuentes"]

1. d4 d5 2. Bf4 Nf6 3. e3 g6 4. Nc3 a6 5. Be2 b6 6. Nf3 Bg7 7. Ne5 Bb7 8. Bf3 Nbd7 9. Qe2 Ne4 10. Bxe4 Nxe5 11. dxe5 dxe4 12. Qc4 Qd7 13. e6 Qxe6 14. Qxe6 fxe6 15. Bxc7 b5 16. O-O-O Rf8 17. Rd2 Bxc3 18. bxc3 Bd5 19. a3 Kd7 20. Bf4 Kc6 21. Kb2 Rf5 22. Ra1 Bc4 23. Rad1 Rd5 24. h4 Be2 25. Rxd5 exd5 26. Rd2 Bf1 27. g4 h5 28. gxh5 gxh5 29. Rd1 Be2 30. Rg1 Bg4 31. Bg5 Rf8 32. Bf4 e5 33. Bg3 Kd6 34. Kb3 Rc8 35. Ra1 Be6 36. Rd1 Bg4 37. Ra1 Bf5 1/2-1/2

[Event "Preferente Aragonesa 2024 - Grupo I"]
[Site "?"]
[Date "2024.03.23"]
[Round "9.49"]
[White "Roman Gimeno, Javier"]
[Black "Salamero Pelay, Fernando"]
[Result "0-1"]
[WhiteElo "1844"]
[BlackElo "2043"]
[PlyCount "40"]
[GameId "2166508142535324"]
[EventDate "2024.01.27"]
[WhiteTeam "Las Fuentes"]
[BlackTeam "Atletismo Huesca"]

1. d4 g6 2. Nf3 Bg7 3. c4 c5 4. e3 Nf6 5. Be2 O-O 6. O-O d6 7. Nc3 Bf5 8. Bd3 Bg4 9. d5 Nbd7 10. h3 Bxf3 11. Qxf3 Ne5 12. Qe2 e6 13. dxe6 fxe6 14. e4 Nh5 15. Rb1 Qh4 16. Qe3 Nf4 17. Be2 Nxe2+ 18. Qxe2 Rf3 19. gxf3 Qxh3 20. f4 Nf3+ 0-1

[Event "Preferente Aragonesa 2024 - Grupo I"]
[Site "?"]
[Date "2024.03.23"]
[Round "9.50"]
[White "Bellosta Lopez, Pablo"]
[Black "Artal Alegria, Francisco Javier"]
[Result "1-0"]
[WhiteElo "1996"]
[BlackElo "1747"]
[PlyCount "47"]
[GameId "2166508142580381"]
[EventDate "2024.01.27"]
[WhiteTeam "Atletismo Huesca"]
[BlackTeam "Las Fuentes"]

1. e4 e6 2. d3 d5 3. Qe2 Nf6 4. Nf3 c5 5. g3 Nc6 6. Bg2 Be7 7. O-O Qa5 8. Nbd2 h6 9. h4 Bd7 10. e5 Nh7 11. c4 g5 12. h5 Qc7 13. Re1 f5 14. cxd5 exd5 15. Nb3 Nf8 16. e6 Bxe6 17. Be3 b6 18. Rac1 f4 19. Bxc5 bxc5 20. Nxc5 Bg4 21. Na6 Qd8 22. Rxc6 Rc8 23. Nb4 Bxh5 24. Rxc8 1-0

[Event "Preferente Aragonesa 2024 - Grupo I"]
[Site "?"]
[Date "2024.03.23"]
[Round "9.51"]
[White "Manguez Cambra, Jose Luis"]
[Black "Gella Bitrian, Diego"]
[Result "1/2-1/2"]
[WhiteElo "1726"]
[BlackElo "1978"]
[PlyCount "34"]
[GameId "2166508142613150"]
[EventDate "2024.01.27"]
[WhiteTeam "Las Fuentes"]
[BlackTeam "Atletismo Huesca"]

1. d4 Nf6 2. Nf3 g6 3. e3 Bg7 4. Bd3 O-O 5. O-O d6 6. h3 c5 7. c3 Nbd7 8. e4 e5 9. Bg5 Re8 10. Re1 Qc7 11. Nbd2 Rb8 12. a4 a6 13. a5 h6 14. Be3 exd4 15. cxd4 b5 16. axb6 Nxb6 17. Qc2 Nbd7 1/2-1/2

[Event "Preferente Aragonesa 2024 - Grupo II"]
[Site "?"]
[Date "2024.03.23"]
[Round "9.52"]
[White "Larrosa Poves, Jose Manuel"]
[Black "Cabrera Moreno, Daniel"]
[Result "1/2-1/2"]
[WhiteElo "1876"]
[BlackElo "2157"]
[PlyCount "100"]
[GameId "2166508142752415"]
[EventDate "2024.01.27"]
[WhiteTeam "Agrupacion B"]
[BlackTeam "Tauste"]

1. d4 Nf6 2. c4 e6 3. Nc3 d5 4. Bg5 Be7 5. e3 h6 6. Bxf6 Bxf6 7. Nf3 O-O 8. Qd2 dxc4 9. Bxc4 a6 10. O-O Nd7 11. Rfd1 b5 12. Bd3 c5 13. dxc5 Nxc5 14. Bh7+ Kh8 15. Qc2 Qb6 16. Ne4 Nxe4 17. Bxe4 Bb7 18. Bxb7 Qxb7 19. Rac1 Rac8 20. Qb3 Rfd8 21. Rxd8+ Rxd8 22. h3 g6 23. Qc2 Kg7 24. b3 Rd6 25. Kf1 b4 26. Nd2 Bc3 27. Nc4 Rd5 28. Rd1 Rg5 29. e4 Rc5 30. Qd3 a5 31. Qe3 Qb5 32. Qd3 a4 33. f4 axb3 34. axb3 Qa6 35. Qd6 Rc6 36. Qd7 Qc8 37. Qxc8 Rxc8 38. Rd7 Ra8 39. e5 Ra1+ 40. Ke2 Re1+ 41. Kf3 Rb1 42. Nd6 Rxb3 43. Ke4 Rb2 44. Rxf7+ Kg8 45. g4 Re2+ 46. Kf3 Rd2 47. Rb7 Rd3+ 48. Kg2 Rd2+ 49. Kf3 Rd3+ 50. Kg2 Rd2+ 1/2-1/2

[Event "Preferente Aragonesa 2024 - Grupo II"]
[Site "?"]
[Date "2024.03.23"]
[Round "9.53"]
[White "Fernandez Rubio, Rafael"]
[Black "Palasi Mainar, Miguel Angel"]
[Result "1-0"]
[WhiteElo "2033"]
[BlackElo "1814"]
[PlyCount "141"]
[GameId "2166508142789280"]
[EventDate "2024.01.27"]
[WhiteTeam "Tauste"]
[BlackTeam "Agrupacion B"]

1. c4 g6 2. g3 Bg7 3. Bg2 Nf6 4. Nf3 O-O 5. O-O d6 6. d4 c6 7. Nc3 Bf5 8. Re1 Ne4 9. Nh4 Nxc3 10. bxc3 Be6 11. Qd3 Na6 12. e4 Qa5 13. Be3 Qa4 14. Bf1 Bd7 15. Rab1 Rab8 16. f4 c5 17. e5 dxe5 18. fxe5 Nc7 19. d5 Bxe5 20. Bxc5 Bd6 21. Bxd6 exd6 22. Rb4 Qa5 23. Re7 Bc8 24. Qd4 Re8 25. Qf6 Rxe7 26. Qxe7 Qc5+ 27. Kg2 a6 28. Rb2 Bg4 29. Rd2 Re8 30. Qf6 Bc8 31. Rf2 Rf8 32. Bd3 Ne8 33. Qf4 f5 34. Qg5 Ng7 35. Re2 b5 36. Qe3 Qxe3 37. Rxe3 bxc4 38. Bxc4 Re8 39. Kf3 Kf7 40. Rxe8 Nxe8 41. Ke3 Nf6 42. Kd4 Bb7 43. Nf3 h6 44. Bb3 Ne4 45. c4 Kf6 46. Bc2 Nc5 47. Ne1 Bc8 48. Nd3 Nxd3 49. Bxd3 g5 50. c5 dxc5+ 51. Kxc5 Ke7 52. Kc6 Kd8 53. Kd6 f4 54. gxf4 gxf4 55. Be2 Bb7 56. Bf3 a5 57. Ke5 Ke7 58. Kxf4 Kd6 59. Kf5 Bxd5 60. Bxd5 Kxd5 61. Kg6 Ke6 62. Kxh6 Kf6 63. a4 Kf5 64. Kg7 Kg4 65. Kf6 Kh3 66. Ke5 Kxh2 67. Kd5 Kg3 68. Kc5 Kf4 69. Kb5 Ke5 70. Kxa5 Kd6 71. Kb6 1-0

[Event "Preferente Aragonesa 2024 - Grupo II"]
[Site "?"]
[Date "2024.03.23"]
[Round "9.54"]
[White "Guerra Perez, Rafael"]
[Black "Carbonel Sanchez, Andres"]
[Result "1/2-1/2"]
[WhiteElo "1803"]
[BlackElo "1970"]
[PlyCount "157"]
[GameId "2166508142928545"]
[EventDate "2024.01.27"]
[WhiteTeam "Agrupacion B"]
[BlackTeam "Tauste"]

1. d4 Nf6 2. Nf3 c5 3. d5 b5 4. e3 b4 5. Bc4 g6 6. Qd3 Bg7 7. a3 bxa3 8. Rxa3 O-O 9. Bd2 d6 10. Ba5 Qd7 11. O-O Qg4 12. h3 Qe4 13. Nc3 Qxd3 14. cxd3 Ba6 15. Rfa1 Bxc4 16. dxc4 Nbd7 17. Bc7 Ne4 18. Rxa7 Rxa7 19. Rxa7 Nxc3 20. bxc3 Ne5 21. Nd2 Nd3 22. Ba5 Bf6 23. Rb7 Ra8 24. Rb5 Ne1 25. Kf1 Nc2 26. Nb1 Na1 27. Ke2 Nb3 28. Rxb3 Rxa5 29. Kd3 Ra2 30. Nd2 Kg7 31. Ne4 h5 32. g4 Bh4 33. f4 f5 34. gxf5 gxf5 35. Nd2 Ra1 36. Rb1 Ra3 37. Nf3 Bf6 38. Rc1 Ra2 39. Rg1+ Kf8 40. Ng5 Rh2 41. Ne6+ Kf7 42. Rg3 h4 43. Rf3 Rh1 44. e4 fxe4+ 45. Kxe4 Rc1 46. Kf5 Bxc3 47. Ng5+ Kg7 48. Re3 Bf6 49. Ne4 Bd4 50. Re2 Rxc4 51. Rg2+ Kf7 52. Ng5+ Kf8 53. Ne6+ Kf7 54. Nd8+ Kf8 55. Ne6+ Kf7 56. Ng5+ Kf8 57. Ke6 Bg7 58. Ra2 Kg8 59. Ra8+ Bf8 60. Kf5 Rd4 61. Rxf8+ Kxf8 62. Ne6+ Kf7 63. Nxd4 cxd4 64. Ke4 e5 65. dxe6+ Kxe6 66. Kxd4 Kf5 67. Ke3 d5 68. Kd4 Kxf4 69. Kxd5 Ke3 70. Kc4 Ke2 71. Kd4 Kf2 72. Ke4 Kg3 73. Ke3 Kg2 74. Kf4 Kxh3 75. Kf3 Kh2 76. Kf2 Kh1 77. Kf1 h3 78. Kf2 h2 79. Kf1 1/2-1/2

[Event "Preferente Aragonesa 2024 - Grupo II"]
[Site "?"]
[Date "2024.03.23"]
[Round "9.55"]
[White "Solanas Esteban, Hector"]
[Black "Casasnovas Sanchez, Raul"]
[Result "0-1"]
[WhiteElo "1703"]
[BlackElo "1604"]
[PlyCount "140"]
[GameId "2166508142965410"]
[EventDate "2024.01.27"]
[WhiteTeam "Tauste"]
[BlackTeam "Agrupacion B"]

1. e4 c6 2. Nf3 d5 3. d3 Bg4 4. h3 Bh5 5. Qe2 e6 6. g4 Bg6 7. h4 h5 8. Ne5 Bh7 9. g5 dxe4 10. g6 Qa5+ 11. Bd2 Qxe5 12. gxh7 Rxh7 13. Bc3 Qf4 14. Nd2 exd3 15. Qxd3 g6 16. O-O-O Bg7 17. Kb1 Bxc3 18. Qxc3 Nd7 19. Nc4 Ngf6 20. Nd6+ Kf8 21. Nxb7 Qc7 22. Nd6 Nd5 23. Qa3 Kg8 24. Ne4 Rg7 25. Ng5 N7f6 26. c4 Ne7 27. Bg2 Nh7 28. Ne4 Kh8 29. Qc3 Rd8 30. Qf3 Nf5 31. Rxd8+ Qxd8 32. Rd1 Qe7 33. Nc3 Nxh4 34. Qxc6 Nxg2 35. Qxg2 Rg8 36. Qf3 Nf6 37. Qd3 Kh7 38. Qd4 Rb8 39. c5 Rc8 40. b4 a5 41. a3 axb4 42. axb4 Ra8 43. Nb5 Nd5 44. Re1 Qb7 45. Nd6 Qxb4+ 46. Qxb4 Nxb4 47. Nxf7 Ra5 48. Ng5+ Kh6 49. Nxe6 Nd3 50. Re2 Nxc5 51. Re5 Nb7 52. Re3 Ra6 53. Nd4 Rf6 54. f3 Nd6 55. Ne2 Nf5 56. Rc3 Re6 57. Nf4 Rd6 58. Kc2 g5 59. Nh3 Nd4+ 60. Kb2 Rf6 61. Rc5 Nxf3 62. Rc8 g4 63. Rh8+ Kg6 64. Nf2 Re6 65. Nd3 Re4 66. Kc2 Ne1+ 67. Nxe1 Rxe1 68. Kd2 Re6 69. Rc8 Kg5 70. Rg8+ Kh4 0-1

[Event "Preferente Aragonesa 2024 - Grupo II"]
[Site "?"]
[Date "2024.03.23"]
[Round "9.56"]
[White "Muro Guerrero, Miguel"]
[Black "Chueca Lorente, Javier"]
[Result "0-1"]
[WhiteElo "2055"]
[BlackElo "2175"]
[PlyCount "94"]
[GameId "2166508143002275"]
[EventDate "2024.01.27"]
[WhiteTeam "Dr. Azua"]
[BlackTeam "MyInvestor Casablanca C"]

1. e4 c5 2. Nf3 g6 3. d4 cxd4 4. Nxd4 Bg7 5. c4 Nc6 6. Nc2 d6 7. Be2 Nh6 8. O-O O-O 9. Bd2 f5 10. exf5 Nxf5 11. Nc3 Bd7 12. Rc1 a5 13. Na3 Ncd4 14. Bg4 Bc6 15. Nab5 h5 16. Bxf5 Nxf5 17. Bg5 Qd7 18. Qe2 e6 19. Rcd1 Rae8 20. Nxd6 Nxd6 21. Qd3 Bxg2 22. Kxg2 Qc6+ 23. f3 Rf5 24. h4 Nxc4 25. Rf2 Ref8 26. Qe4 Bxc3 27. Qxc6 bxc6 28. bxc3 Rxg5+ 29. hxg5 Ne3+ 30. Kg3 Nxd1 31. Re2 Re8 32. c4 Nc3 33. Rc2 Na4 34. Rd2 c5 35. Rd6 Nc3 36. Ra6 a4 37. Ra5 Nxa2 38. Rxa4 Nb4 39. Ra5 Rc8 40. Kf4 Rc7 41. Ra8+ Kf7 42. Ke5 Rd7 43. Rh8 Nd3+ 44. Ke4 Rd4+ 45. Ke3 e5 46. Rc8 Ke6 47. Rf8 Nf4 0-1

[Event "Preferente Aragonesa 2024 - Grupo II"]
[Site "?"]
[Date "2024.03.23"]
[Round "9.57"]
[White "Cebollada Pacheco, Jesus Raul"]
[Black "Garcia Garcia, Enrique"]
[Result "0-1"]
[WhiteElo "1997"]
[BlackElo "1842"]
[PlyCount "118"]
[GameId "2166508143047332"]
[EventDate "2024.01.27"]
[WhiteTeam "MyInvestor Casablanca C"]
[BlackTeam "Dr. Azua"]

1. e4 e6 2. d4 d5 3. Nd2 c5 4. Ngf3 cxd4 5. exd5 Qxd5 6. Bc4 Qd6 7. O-O Nf6 8. Nb3 Nc6 9. Nbxd4 Nxd4 10. Qxd4 Qxd4 11. Nxd4 a6 12. a4 Bc5 13. Nf3 O-O 14. a5 Rd8 15. Bg5 h6 16. Bh4 Bd7 17. Ne5 Bb5 18. Bxb5 axb5 19. Nd3 Be7 20. Rfd1 Ra6 21. f3 Rda8 22. b4 b6 23. Be1 Nd5 24. Kf2 Bd8 25. Rab1 bxa5 26. bxa5 Bxa5 27. Rxb5 Bxe1+ 28. Rxe1 Ra2 29. Rc5 R8a3 30. Rc8+ Kh7 31. Ke2 Kg6 32. Kd2 Kf6 33. Rb1 Ra1 34. Rxa1 Rxa1 35. Nc1 Rb1 36. g3 h5 37. Rc4 g5 38. h4 gxh4 39. Rxh4 Kg5 40. c4 Rb2+ 41. Kd3 Nf6 42. c5 Rb1 43. Rc4 Nd7 44. f4+ Kf5 45. c6 Nb6 46. Rc5+ Kg4 47. c7 Kxg3 48. Ne2+ Kf3 49. Rxh5 Rd1+ 50. Kc2 Rd7 51. Rc5 Kxe2 52. c8=Q Nxc8 53. Rxc8 Rd5 54. Rc4 Ke3 55. Ra4 Rd4 56. Ra7 Rxf4 57. Ra1 Rf2+ 58. Kc3 e5 59. Re1+ Kf4 0-1

[Event "Preferente Aragonesa 2024 - Grupo II"]
[Site "?"]
[Date "2024.03.23"]
[Round "9.58"]
[White "Cajo Esteban, Ruben"]
[Black "Antonano Fernandez-Quincoces, Avelino"]
[Result "1-0"]
[WhiteElo "1815"]
[BlackElo "1903"]
[PlyCount "59"]
[GameId "2166508143084197"]
[EventDate "2024.01.27"]
[WhiteTeam "Dr. Azua"]
[BlackTeam "MyInvestor Casablanca C"]

1. d4 Nf6 2. c4 e6 3. Nc3 Bb4 4. e3 c5 5. a3 Bxc3+ 6. bxc3 O-O 7. Bd3 Nc6 8. Ne2 d6 9. O-O e5 10. d5 Na5 11. e4 b6 12. Ng3 Ba6 13. Qe2 Qd7 14. a4 Nb3 15. Ra2 Ne8 16. Be3 g6 17. f4 f6 18. f5 g5 19. h4 gxh4 20. Qg4+ Kh8 21. Qxh4 Na5 22. Nh5 Bxc4 23. Bxc4 Nxc4 24. Bh6 Rf7 25. g4 a6 26. g5 fxg5 27. Qxg5 Qe7 28. f6 Qd7 29. Rg2 Nc7 30. Qg7+ 1-0

[Event "Preferente Aragonesa 2024 - Grupo II"]
[Site "?"]
[Date "2024.03.23"]
[Round "9.59"]
[White "Jaime Galeano, Alcher"]
[Black "Casas Castillero, Jose Antonio"]
[Result "1-0"]
[WhiteElo "1787"]
[BlackElo "1690"]
[PlyCount "63"]
[GameId "2166508143116966"]
[EventDate "2024.01.27"]
[WhiteTeam "MyInvestor Casablanca C"]
[BlackTeam "Dr. Azua"]

1. e4 d5 2. exd5 Qxd5 3. Nc3 Qa5 4. Bc4 e6 5. d3 c5 6. Nf3 Nf6 7. O-O Nc6 8. h3 a6 9. Re1 Be7 10. Bf4 O-O 11. Ne4 Qd8 12. c3 Na5 13. Bb3 Nxb3 14. axb3 b6 15. Qe2 Bb7 16. Rad1 Qd5 17. c4 Qc6 18. Ne5 Qc8 19. Qe3 Nxe4 20. dxe4 Rd8 21. Qf3 Bf6 22. Rxd8+ Qxd8 23. Rd1 Qe8 24. Qd3 Bxe5 25. Bxe5 Rc8 26. Qg3 Qf8 27. f3 f6 28. Bc7 b5 29. Rd7 g6 30. Bd6 Qe8 31. Rxb7 e5 32. Qh4 1-0

[Event "Preferente Aragonesa 2024 - Grupo II"]
[Site "?"]
[Date "2024.03.23"]
[Round "9.60"]
[White "Romo Ramirez, Antonio"]
[Black "Asensio Asensio, Nicolas"]
[Result "1/2-1/2"]
[WhiteElo "2015"]
[BlackElo "2028"]
[PlyCount "74"]
[GameId "2166508143162023"]
[EventDate "2024.01.27"]
[WhiteTeam "Teruel B"]
[BlackTeam "Aulazenter"]

1. c4 e6 2. g3 d5 3. Bg2 Nf6 4. d4 Be7 5. Nf3 O-O 6. O-O dxc4 7. Ne5 Qd6 8. Nxc4 Qa6 9. Ne5 Rd8 10. Qc2 c6 11. Rd1 Nbd7 12. Nd3 Nf8 13. Nc5 Bxc5 14. dxc5 Rxd1+ 15. Qxd1 Qc4 16. Be3 e5 17. b3 Qe6 18. Nc3 Ng4 19. Bc1 Bd7 20. Ne4 Nf6 21. Nd6 b6 22. Nb5 Ne8 23. Be3 a6 24. Nc3 b5 25. Qc2 Qe7 26. Rd1 Ra7 27. h3 f5 28. b4 Be6 29. Qd2 Ng6 30. Bg5 Qf7 31. Qc2 h6 32. Bc1 e4 33. Bf4 Nxf4 34. gxf4 Nf6 35. Rd6 Ne8 36. Rd4 Nf6 37. Rd6 Ne8 1/2-1/2

[Event "Preferente Aragonesa 2024 - Grupo II"]
[Site "?"]
[Date "2024.03.23"]
[Round "9.61"]
[White "Conon, Catalin"]
[Black "Pache Marconell, Juan"]
[Result "1-0"]
[WhiteElo "1893"]
[BlackElo "1807"]
[PlyCount "61"]
[GameId "2166508143207080"]
[EventDate "2024.01.27"]
[WhiteTeam "Aulazenter"]
[BlackTeam "Teruel B"]

1. e4 e6 2. d4 d5 3. Nc3 Nf6 4. Bg5 Be7 5. e5 Nfd7 6. h4 a6 7. Qg4 f5 8. Qh5+ Kf8 9. Nge2 Bxg5 10. hxg5 Qe8 11. Nf4 Qxh5 12. Rxh5 Kf7 13. Rxh7 Rg8 14. g6+ Ke7 15. Nh5 Kf8 16. Ne2 Nb6 17. Nef4 Nc6 18. O-O-O Bd7 19. g4 fxg4 20. Be2 Ne7 21. Bxg4 Nf5 22. Bxf5 exf5 23. e6 Bc6 24. Re1 Re8 25. Nf6 Ke7 26. Nxg8+ Rxg8 27. Rh5 Rf8 28. Re5 Nc4 29. Rexf5 Nd6 30. Rxf8 Kxf8 31. Nxd5 1-0

[Event "Preferente Aragonesa 2024 - Grupo II"]
[Site "?"]
[Date "2024.03.23"]
[Round "9.62"]
[White "Arpa Pardos, Emilio"]
[Black "Iravedra Ainkov, Francisco"]
[Result "1/2-1/2"]
[WhiteElo "1799"]
[BlackElo "1861"]
[PlyCount "113"]
[GameId "2166508143243945"]
[EventDate "2024.01.27"]
[WhiteTeam "Teruel B"]
[BlackTeam "Aulazenter"]

1. e4 d6 2. d4 Nf6 3. Nc3 e5 4. Nf3 Nbd7 5. Bd3 Be7 6. Ne2 O-O 7. Ng3 g6 8. Bh6 Re8 9. h4 Ng4 10. Bd2 exd4 11. h5 Nde5 12. hxg6 fxg6 13. Nxe5 Nxe5 14. Nf5 Bxf5 15. exf5 Bg5 16. Kf1 Nxd3 17. cxd3 Qf6 18. Qb3+ Kg7 19. Bxg5 Qxg5 20. Qxb7 Qe7 21. Rc1 Rab8 22. Qxc7 Rxb2 23. Rh4 Qxc7 24. Rxc7+ Kf6 25. g4 Ree2 26. Rhxh7 Rxf2+ 27. Ke1 Rbe2+ 28. Kd1 Rxa2 29. Rhf7+ Kg5 30. fxg6 Rh2 31. Rf1 Kxg6 32. Rc6 Kg5 33. Rg1 a5 34. Rc8 Ra1+ 35. Rc1 Rxc1+ 36. Kxc1 d5 37. Kb1 Rd2 38. Rc1 Kf4 39. Rc5 Ke5 40. Rxa5 Rxd3 41. Ra6 Rg3 42. Rg6 d3 43. Kc1 Kd4 44. Kd1 Rg2 45. g5 Rg4 46. Rg8 Ke3 47. Re8+ Kd4 48. Rg8 Rg1+ 49. Kd2 Rg2+ 50. Kd1 d2 51. Ra8 Kd3 52. Ra3+ Ke4 53. g6 d4 54. g7 d3 55. Ra8 Rxg7 56. Re8+ Kd4 57. Rd8+ 1/2-1/2

[Event "Preferente Aragonesa 2024 - Grupo II"]
[Site "?"]
[Date "2024.03.23"]
[Round "9.63"]
[White "Morales Anadon, Tomas"]
[Black "Barcena Laguia, Francisco"]
[Result "0-1"]
[WhiteElo "1643"]
[BlackElo "1776"]
[PlyCount "51"]
[GameId "2166508143293098"]
[EventDate "2024.01.27"]
[WhiteTeam "Aulazenter"]
[BlackTeam "Teruel B"]

1. d4 Nf6 2. Nf3 c5 3. e3 d5 4. Bd3 Bg4 5. c4 cxd4 6. exd4 Nc6 7. Be3 e5 8. Be2 Bxf3 9. Bxf3 Bb4+ 10. Nc3 dxc4 11. Bxc6+ bxc6 12. dxe5 Nd5 13. Bd2 Qa5 14. Nxd5 cxd5 15. Bxb4 Qxb4+ 16. Qd2 Rb8 17. Qxb4 Rxb4 18. O-O-O Ke7 19. Rd2 Ke6 20. Rhd1 Rd8 21. f4 a5 22. Rd4 Rd7 23. g3 a4 24. h3 (24. a3 Rb5 25. R1d2 Rdb7 26. Rc2 Rb3 27. Rcd2 R7b5 28. Rc2 Rf3 29. Rcd2 Rf1+ 30. Rd1 Rxd1+ 31. Rxd1 Kf5 32. Rd4 h6 33. Kc2 g5 34. h3 Ke6 35. Rd2 Rb3 36. Rg2 Kf5 37. Kd1 gxf4 38. gxf4 Kxf4 39. Rf2+ Kxe5 40. Rxf7 Rxb2 41. Ra7 Rb3 42. Rxa4 Rxh3 43. Ra8 Kd4 44. a4 Kd3 45. Re8 c3 46. Re1 Rh4 47. Rg1 Rxa4 48. Rg3+ Kc4 49. Kc2 Ra2+ 50. Kb1 Rh2 51. Rg1 d4 52. Kc1 d3 53. Rd1 Ra2 54. Re1 Ra1#) 24... Rb5 25. R1d2 Rdb7 26. Rc2 0-1